书目信息 |
| 题名: |
分析化学实验技术
|
|
| 作者: | 赵明宪 主编 | |
| 分册: | ||
| 出版信息: | 农业出版 2008.04 |
|
| 页数: | 175页 | |
| 开本: | 20cm | |
| 丛书名: | ||
| 单 册: | ||
| 中图分类: | O652.1 | |
| 科图分类: | ||
| 主题词: | 分析化学 , 分析(化学) | |
| 电子资源: | ||
| ISBN: | 978-7-109-12049-5 | |
| 000 | 00651nam0 2200241 45 | |
| 001 | 0942730726 | |
| 005 | 20091013115403.43 | |
| 010 | @a978-7-109-12049-5@dCNY17.00 | |
| 100 | @a20090515d2008 ekmy0 y0120 ea | |
| 102 | @aCN@b130000 | |
| 102 | @aCN@b110000 | |
| 105 | @ay z 000yy | |
| 200 | 1 | @a分析化学实验技术@f赵明宪等主编@Fzhao ming xian deng zhu bian |
| 210 | @c农业出版@d2008.04 | |
| 210 | @a北京@c中国农业出版社 | |
| 215 | @a175页@d20cm | |
| 606 | 0 | @a分析化学 |
| 606 | 0 | @a分析(化学) |
| 690 | @aO652.1@v4 | |
| 701 | 0 | @a赵明宪@Azhao ming xian@4主编 |
| 801 | 0 | @aCN@c20091013 |
| 905 | @a10447@dO652.1@eZ310 | |
| 906 | @d17@n3@r1 | |
| 分析化学实验技术/赵明宪等主编.-农业出版,2008.04.-北京:中国农业出版社 |
| 175页;20cm |
| ISBN 978-7-109-12049-5:CNY17.00 |
| ● |
| 相关链接 |
|
|
|
正题名:分析化学实验技术
索取号:O652.1/Z310
 
预约/预借
| 序号 | 登录号 | 条形码 | 馆藏地/架位号 | 状态 | 备注 |
| 1 | 892635 | 208926359 | 自科库401/401自科库 65排6列5层/ [索取号:O652.1/Z310] | 在馆 | |
| 2 | 892636 | 208926368 | 自科库401/401自科库 65排6列5层/ [索取号:O652.1/Z310] | 在馆 | |
| 3 | 892637 | 208926377 | 自科库401/401自科库 65排6列5层/ [索取号:O652.1/Z310] | 在馆 |